এডভান্স ডিস্ক অপারেটিং সিস্টেম / (Record no. 666)
[ view plain ]
| 000 -LEADER | |
|---|---|
| fixed length control field | 00691nam a2200217 a 4500 |
| 001 - CONTROL NUMBER | |
| JCCL Control Number | 666 |
| 003 - CONTROL NUMBER IDENTIFIER | |
| JCCL marc code | BD-JhCC |
| 005 - DATE AND TIME OF LATEST TRANSACTION | |
| control field | 20200907134022.0 |
| 008 - FIXED-LENGTH DATA ELEMENTS--GENERAL INFORMATION | |
| fixed length control field | 171008s19981996bg a|||| ||a| 000 0 mul d |
| 035 ## - SYSTEM CONTROL NUMBER | |
| system control number | (BD-JhCC)666 |
| 040 ## - CATALOGING SOURCE | |
| Original cataloging agency | BD-JhCC |
| Modifying agency | BD-JhCC |
| 041 ## - LANGUAGE CODE | |
| Language code of Book | mul |
| 082 ## - DEWEY DECIMAL CLASSIFICATION NUMBER | |
| Classification number | 005.446 |
| Author mark and Year | RAH 1998 |
| 100 ## - MAIN ENTRY--PERSONAL NAME | |
| Personal name | রহমান, মাহবুব |
| 245 ## - TITLE STATEMENT | |
| Title | এডভান্স ডিস্ক অপারেটিং সিস্টেম / |
| Statement of responsibility, etc | রহমান, মাহবুব |
| 260 ## - PUBLICATION, DISTRIBUTION, ETC. (IMPRINT) | |
| Place of publication, distribution, etc | ঢাকা : |
| Name of publisher, distributor, etc | সিসটেক পাবলিকেশন্স, |
| Date of publication, distribution, etc | 1998 |
| 300 ## - PHYSICAL DESCRIPTION | |
| Pagination | 476 p. : |
| Dimensions | 22 cm. |
| Other physical details | ills; |
| 650 ## - SUBJECT ADDED ENTRY--TOPICAL TERM | |
| Topical term or geographic name as entry element | Operating System |
| 942 ## - ADDED ENTRY ELEMENTS (KOHA) | |
| Source of classification or shelving scheme | Dewey Decimal Classification |
| Koha item type | Books |
| Koha issues (borrowed), all copies | 5 |
| Source of classification or shelving scheme | Damaged status | Not for loan | Home library | Current library | Cost, normal purchase price | Total Checkouts | Full call number | Barcode | Date last seen | Copy number | Koha item type | Date of accession | Checked out | Date checked out |
|---|---|---|---|---|---|---|---|---|---|---|---|---|---|---|
| Dewey Decimal Classification | JCC Rouf Library | JCC Rouf Library | 150.00 | 005.446 RAH 1998 | 355 | 10/09/2017 | C-1 | Books | ||||||
| Dewey Decimal Classification | JCC Rouf Library | JCC Rouf Library | 150.00 | 1 | 005.446 RAH 1998 | 352 | 09/06/2020 | C-2 | Books | 10/08/2017 | 10/11/2020 | 09/06/2020 | ||
| Dewey Decimal Classification | JCC Rouf Library | JCC Rouf Library | 150.00 | 2 | 005.446 RAH 1998 | 353 | 09/17/2018 | C-3 | Books | 10/08/2017 | 09/17/2018 |